000 00528nam a2200193Ii 4500
003 JO-AjNU
008 230606s9999||||xx |||||||||||||| ||und||
020 _a978-0-19-957020-1
040 _aJO-AjNU
_beng
_erda
_cJO-AjNU
041 _aeng
050 1 4 _aKD1554.K64.2010
100 3 _aKoffman ، Laurence,
_eauthor
_91703
245 0 4 _aThe Law Of Contract
264 3 1 _aNew York : Oxford ، 2010
300 _a649p
336 _atext
_btxt
_2rdacontent
337 _aunmediated
_bn
_2rdamedia
338 _avolume
_bnc
_2rdacarrier
999 _aE899
_c899
_d899